MDQL
is popping MORE tags! Check the
thread
!
Quizzes
Events
Quiz Creation
Community
Videos
Private Events
Remove Ads
Sign In
Join for FREE
Feedback
Dark Mode
Quiz Categories
Sports
Geography
Music
Movies
Television
Just For Fun
Miscellaneous
History
Literature
Language
Science
Gaming
Entertainment
Religion
Holiday
For Kids
Quiz Lab
Recent
Popular Today
Quiz Kudos Today
Editor Picks
Curator Picks
Quizzes by...
Day
Popularity
Type
Ratings
Length
Year
Community
Subscriptions
Recent Discussions
Orange Saloon
Badges
Playlists
Quests
Create
Leaderboards
Showdown
Live 5
Trivia Bingo
Activity
Puzzle Library
Sporcle Events
Private Events
Virtual Trivia
Globe League
Become a Host
Pub Owners
SporcleCon
Opinionation
Our Games
Videos
Blog
Mobile Apps
Partnerships
Remove Ads and Go Orange
Feedback
Sports
Athletes
MLB
NBA
NHL
NFL
Soccer
Sports Teams
WWE
NCAA
Football
Premier League
Basketball
Baseball
Hockey
Golf
Tennis
Cricket
Rugby
Auto Racing
Olympics
World Cup
Sports
Athletes
MLB
NBA
NHL
NFL
Soccer
Sports Teams
WWE
NCAA
Football
Premier League
Basketball
Baseball
Hockey
Golf
Tennis
Cricket
Rugby
Auto Racing
Olympics
World Cup
Random Quiz
Search Sporcle
×
Quiz Lab
Quiz Lab
Sports
WTA Ranking
Type in answers that appear in a list
Type in answers that appear in a list
Classic
Best Score? Go Orange.
Top 5 WTA Players from Each Country Stats
Can You Name the Top 5 WTA Players from Each Country
By
Tanja
15m
131 Questions
254 Plays
254 Plays
254 Plays
Comments
Comments
Give Quiz Kudos
Give Quiz Kudos
-
- Ratings
hide this ad
Replay
Link that replays current quiz
Next Quiz
Link to next quiz in quiz playlist
You Got
0%
They Got
Avg Score
67%
Avg Friend Score
Upgrade to see
Score Distribution
Jump to the score distribution portion of the page
Score
0/131
Timer
15:00
0
Plays Today
Hint
Answer
% Correct
USA
Serena Williams
100%
USA
Venus Williams
100%
Denmark
Caroline Wozniacki
97.2%
USA
Madison Keys
95.7%
CzechRep
Petra Kvitova
95.7%
Canada
Eugenie Bouchard
95.7%
Poland
Agnieszka Radwanska
95.7%
Romania
Simona Halep
95.3%
Australia
Samantha Stosur
94.5%
Serbia
Jelena Janković
94.1%
Italy
Sara Errani
93.7%
Italy
Roberta Vinci
92.9%
Belarus
Victoria Azarenka
92.9%
CzechRep
Lucie Safarova
92.5%
Spain
Carla Suarez Navarro
92.5%
Germany
Angelique Kerber
92.5%
CzechRep
Karolina Pliskova
91.7%
Russia
Svetlana Kuznetsova
91.7%
France
Alize Cornet
90.9%
Spain
Garbine Muguruza
90.6%
Slovakia
Dominika Cibulkova
90.6%
France
Caroline Garcia
90.2%
UK
Heather Watson
90.2%
Russia
Elena Vesnina
89.8%
Switzerland
Belinda Bencic
89.8%
Ukraine
Elina Svitolina
89.8%
UK
Johanna Konta
89.8%
Romania
Irina Camelia Begu
89%
China
Saisai Zheng
89%
France
Kristina Mladenovic
88.6%
China
Shuai Peng
88.6%
Bulgaria
Tsvetana Pironkova
88.2%
Russia
Ekaterina Makarova
87.8%
Switzerland
Timea Bacsinszky
87.8%
Belgium
Yanina Wickmayer
87.8%
Russia
Anastasia Pavlyuchenkova
87.4%
Italy
Camila Giorgi
87%
Sweden
Johanna Larsson
87%
Italy
Francesca Schiavone
86.6%
CzechRep
Barbora Strycova
86.2%
Estonia
Kaia Kanepi
86.2%
USA
Coco Vandeweghe
84.6%
Romania
Monica Niculescu
84.6%
Kazakhstan
Yaroslava Shvedova
84.6%
Hint
Answer
% Correct
Germany
Laura Siegemund
84.3%
Australia
Daria Gavrilova
84.3%
Japan
Misaki Doi
84.3%
Belgium
Kirsten Flipkens
81.1%
Germany
Julia Goerges
80.3%
Germany
Annika Beck
79.5%
Romania
Sorana Cirstea
79.1%
Ukraine
Lesia Tsurenko
78.7%
Ukraine
Kateryna Bondarenko
78%
Japan
Kurumi Nara
77.6%
Australia
Ashleigh Barty
76.8%
Kazakhstan
Yulia Putintseva
76%
China
Qiang Wang
75.6%
CzechRep
Katerina Siniakova
75.2%
Italy
Karin Knapp
74.8%
Poland
Magda Linette
74.4%
Estonia
Anett Kontaveit
74.4%
Croatia
Ana Konjuh
74.4%
USA
Lauren Davis
74%
Russia
Daria Kasatkina
74%
France
Pauline Parmentier
74%
Croatia
Mirjana Lućić-Baroni
73.6%
Slovenia
Polona Hercog
73.6%
Kazakhstan
Zarina Diyas
73.2%
UK
Naomi Broady
73.2%
Croatia
Donna Vekić
73.2%
Belgium
Alison Van Uytvanck
72.8%
Serbia
Nina Stojanović
71.7%
Belarus
Olga Govortsova
70.1%
Spain
Lara Arruabarrena
69.7%
Switzerland
Stefanie Voegele
69.7%
Belarus
Aliaksandra Sasnovich
66.5%
China
Shuai Zhang
66.5%
Canada
Aleksandra Wozniak
66.1%
Serbia
Aleksandra Krunić
65.7%
Poland
Magdalena Frech
65.7%
Switzerland
Viktorija Golubic
63%
Australia
Arina Rodionova
63%
Serbia
Ivana Jorović
61.4%
France
Oceane Dodin
61.4%
Japan
Nao Hibino
61%
Romania
Patricia Maria Tig
60.2%
Spain
Sara Sorribes Tormo
59.4%
Slovakia
Viktoria Kuzmova
59.4%
Hint
Answer
% Correct
Germany
Carina Witthoeft
58.7%
Canada
Francoise Abanda
58.3%
Japan
Naomi Osaka
57.9%
Slovakia
Kristina Kucova
57.5%
Poland
Paula Kania
56.7%
Belgium
Elise Mertens
56.7%
Japan
Risa Ozaki
54.3%
Spain
Silvia Soler-Espinosa
53.9%
UK
Laura Robson
53.9%
Ukraine
Kateryna Kozlova
52.4%
China
Ying-Ying Duan
52.4%
Sweden
Rebecca Peterson
52%
Canada
Bianca Andreescu
50.4%
Slovakia
Rebecca Sramkova
50.4%
Croatia
Jana Fett
50%
Bulgaria
Sesil Karatantcheva
46.9%
Slovakia
Jana Cepelova
46.9%
Belgium
Maryna Zanevska
44.9%
Slovenia
Tamara Zidanšek
44.6%
Belarus
Aryna Sabalenka
43.7%
Switzerland
Amra Sadikovic
42.9%
Australia
Lizette Cabrera
39.4%
Poland
Katarzyna Piter
37%
Serbia
Jovana Jakšić
36.2%
Belarus
Vera Lapko
33.9%
UK
Tara Moore
32.7%
Ukraine
Anhelina Kalinina
32.3%
Croatia
Tereza Mrdeža
31.9%
Bulgaria
Elitsa Kostova
30.3%
Sweden
Jacqueline Cabaj Awad
30.3%
Bulgaria
Viktoriya Tomova
29.9%
Kazakhstan
Galina Voskoboeva
28.3%
Slovenia
Dalila Jakupovič
26.4%
Canada
Katherine Sebov
25.6%
Sweden
Susanne Celik
23.6%
Bulgaria
Isabella Shinikova
20.9%
Slovenia
Tadeja Majerič
20.1%
Denmark
Karen Barritza
18.9%
Kazakhstan
Kamila Kerimbayeva
7.9%
Denmark
Emilie Francati
7.5%
Estonia
Valeria Gorlats
6.7%
Sweden
Brenda Njuki
5.9%
Slovenia
Manca Pislak
5.4%
Quiz Playlist
Details
Report
Send in Message
Add To Playlist
Classic:
Type in answers that appear in a list
Last Updated: Mar 20, 2017
Quiz Scoreboard
CHALLENGE
Sign Up to Join the Scoreboard
Show All
Scores
Hide
Comments
May contain spoilers
Recently Published
Colored Red Africa Blitz
by spor1
Geography
30s
Find the 'City' Movie
by crazypaving
Movies
60s
5x2 Blitz: Bands
by SL_Kpop136
Music
30s
More to Explore
Quiz From the Vault
Featured Blog Post
14 Easter Pick-up Lines to Find Eggs With
hide this ad
You Might Also Like...
Tags
WTA
WTA Players
WTA Ranking
Today's Top Quizzes in Sports
Browse Sports
hide this ad
Top Contributed Quizzes in Sports
1
Players with Multiple 50 Home Run Seasons
2
Les entraîneurs de l'OM et du PSG au 21e siècle
3
Criteria MLB: Left Handed Sluggers
4
2022 World Cup Stars
5
Les meilleurs buteurs des matchs entre le PSG et l’OM
6
Who Hit More Homers?
7
Les joueurs passés par le PSG et l'OM
8
NBA Logic Puzzle 2.0
9
Top 10 NHL Goal Scorers of All Time
10
MLB Players with Two .350 Batting Average Seasons
Explore More
Trending Topics
NBA
Anime
Marvel
Crossword
Harry Potter
Disney
Kpop
WWE
Puzzle
NFL
The Office
Soccer
Song
Country
Pokémon
hide this ad
More By:
Tanja
Quiz
Plays
Rating
Category
Featured
Created
WTA Top 300, 3. 2. 2020
11,112
4.67
Sports
Nov 3, 2014
US Open 2014 Main Draw - Women
338
Sports
Aug 23, 2014
Women Australian Open Main Draw 2015
312
5.00
Sports
Jan 18, 2015
Australian Open 2016 All Female Players
291
5.00
Sports
Jan 27, 2016
WTA Players Australian Open 2017
262
Sports
Jan 14, 2017
Go to Creator's Profile
Score Distribution
Quiz Creator Spotlight
Tanja
Follow
Send a Message
Quizzes Created
-
Created Quiz Play Count
-
More By This Creator
Popular Quizzes Today
1
Find the 'City' Movie
2
Colored Red Africa Blitz
3
Find the US States - No Outlines Minefield
4
5x2 Blitz: Bands
5
The Countries of the World
6
Find the US States
7
US States
8
9x9 Crossword: Cartoon Network
More Sports Quizzes
WKS Śląsk Wrocław - quiz2 (trudny)
Quiz Lab
Trending Quizzes
Colored Red Europe Blitz I
Colored Red Africa Blitz II
Colored Red Europe Blitz II
Colored Red Africa Blitz III
Colored Red Europe Blitz III
Recently Updated
2024 March Madness Bracket
pecheneg
Famous TV Couples
Peacemaker
Champions League XIs: Real Madrid
pecheneg
Largest US Cities 1790-2010
pecheneg
Rides in Walt Disney World
pecheneg
Most Oscar Losses (Acting)
pecheneg
Beyoncé Albums
pecheneg
Leaping Animals
pecheneg
Reality TV Shows (A-Z)
bhenderson79
Rickey Henderson's Hall of Fame Teammates
pecheneg
Trending Topics
Disney
Crossword
Marvel
Harry Potter
Anime
Kpop
NBA
NFL
Soccer
Puzzle
Song
Pokémon
The Office
WWE
Country
Your Account Isn't Verified!
In order to create a playlist on Sporcle, you need to verify the email address you used during registration. Go to your
Sporcle Settings
to finish the process.
Report this User
Report this user for behavior that violates our
Community Guidelines
.
Details:
Send Report
Go to the Sporcle.com Mobile Site →
Comments